000
00338 a2200157 4500
001
153183
040
_c
Escola São Tomás de Aquino
100
_a
SANT´ANNA, Ivan
240
1
0
_a
Caixa-preta
_l
por
245
1
0
_a
Caixa-preta
300
_a
328
362
0
_a
2000
440
1
_a
Objetiva
697
_a
LITERATURA BRASILEIRA
942
_c
BK
999
_c
153183
_d
153183